Представление документа в формате RUSMARC

ПолеНазваниеЗначение
  Тип записи a
  Библиографический уровень a
001 Контрольный номер RU/УОНБ/EK_Kray/649858839
005 Дата корректировки 20240131004947.9
100 Данные общей обработки __
a Данные общей обработки 20200804d2020 ||| 0rusy0189 ca
101 Язык документа 0_
a Язык текста rus
102 Страна публикации __
a Страна публикации RU
105 Кодированные данные (монография) __
a Кодированные данные (монография) y###||||000|y
200 Заглавие и сведения об ответственности 1_
a Заглавие Навстречу жизни, радости, весне
e Сведения, относящиеся к заглавию стихи из книги "Только мгновение"
f Первые сведения об ответственности Нина Климко
215 Физическое описание __
c Иллюстрации/тип воспроизводства 1 портр.
327 Примечание о содержании 1_
a Примечание о содержании Растревожь ты душу мне, весна
327 Примечание о содержании 11
a Примечание о содержании Сквозь шифоновый туман
327 Примечание о содержании 11
a Примечание о содержании О, как сегодня голубеет небо...
327 Примечание о содержании 11
a Примечание о содержании Шаги весны
327 Примечание о содержании 11
a Примечание о содержании Одуванчики
327 Примечание о содержании 11
a Примечание о содержании Остановить бы время навсегда...
327 Примечание о содержании 11
a Примечание о содержании Я помню голос ваш и ваши руки...
327 Примечание о содержании 11
a Примечание о содержании Молитва Всецарице
327 Примечание о содержании 11
a Примечание о содержании Улетают стихи, улетают...
327 Примечание о содержании 11
a Примечание о содержании Перед исповедью
327 Примечание о содержании 11
a Примечание о содержании Бог есть любовь
461 Уровень набора _0
1 2000
a Симбирскъ
1 011
463 Уровень физической единицы _0
1 001RU/УОНБ/EK_Kray/649849153
1 2000
a № 3
v С. 43-45
1 210
d 2020
610 Ключевые слова 0_
a Ключевые слова стихи
686 Индексы других классификаций __
a Классификационный индекс 84-5
2 Код системы rubbk
700 Автор _1
a Фамилия Климко
b Имя (инициалы) Н.
g Полное личное имя Нина
4 Код отношения 070
801 Источник записи _0
a Страна RU
b Организация Ульяновская ОНБ
c Дата составления 20200804
g Правила каталогизации RCR
801 Источник записи _1
a Страна RU
b Организация Ульяновская ОНБ
c Дата составления 20200804
g Правила каталогизации RCR
901 Тип документа __
t Тип документа b
w Контрольный № источника RU/УОНБ/EK_Kray/649849153
909 Создатель записи __
a Создатель записи Бороденкова
938 Служебная информация __
a Имя БД kraeved_work
b Имя библиотеки УОНБ
c Имя АИБС МАРК-SQL
d Номер DOC_ID в БД 140669